[Event "TUR Cup"]
[Site "Antalya"]
[Date "2020.01.30"]
[Round "8"]
[White "Satiroglu, Kaan"]
[Black "Yaylali, Adnan Dogan"]
[Result "0-1"]
[WhiteElo "1640"]
[BlackElo "1947"]
[PlyCount "70"]
[EventDate "2020.01.26"]
[EventType "swiss"]
[EventRounds "11"]
[EventCountry "TUR"]
[SourceTitle "CBM 194 Extra"]
[Source "ChessBase"]
[SourceDate "2020.03.31"]
[SourceVersion "1"]
[SourceVersionDate "2020.03.31"]
[SourceQuality "1"]

1. e4 e6 2. d4 d5 3. Nd2 c5 4. c3 cxd4 5. cxd4 dxe4 6. Nxe4 Bb4+ 7. Nc3 Nf6 8. a3 Ba5 9. Bd3 Nc6 10. Nf3 Bb6 11. Be3 0-0 12. 0-0 Qe7 13. Qe2 Rd8 14. Rfd1 Bd7 15. Rac1 Be8 16. Bb1 Rac8 17. Qc2 h6 18. h3 Na5 19. Ne5 Nc4 20. Qe2 Nxe3 21. fxe3 Nd7 22. Qd3 f5 23. Nxd7 Bxd7 24. Ba2 Kh8 25. Ne2 Rxc1 26. Rxc1 e5 27. Qb3 Bc6 28. Qd1 Qg5 29. Rxc6 Qxe3+ 30. Kh1 bxc6 31. Bb1 e4 32. Qf1 Bxd4 33. Qxf5 Qxe2 34. Bxe4 Qe1+ 35. Kh2 Bg1+ 0-1

[Event "TUR Cup"]
[Site "Antalya"]
[Date "2020.01.30"]
[Round "7"]
[White "Yaylali, Adnan Dogan"]
[Black "Aslanhan, Halis"]
[Result "0-1"]
[WhiteElo "1947"]
[BlackElo "1774"]
[PlyCount "82"]
[EventDate "2020.01.26"]
[EventType "swiss"]
[EventRounds "11"]
[EventCountry "TUR"]
[SourceTitle "CBM 194 Extra"]
[Source "ChessBase"]
[SourceDate "2020.03.31"]
[SourceVersion "1"]
[SourceVersionDate "2020.03.31"]
[SourceQuality "1"]

1. d4 d5 2. Nf3 Nf6 3. Bf4 Bf5 4. e3 c6 5. Nbd2 e6 6. Be2 Bd6 7. Ne5 Qe7 8. g4 Be4 9. f3 Bg6 10. h4 h5 11. g5 Nfd7 12. Nxg6 fxg6 13. Bxd6 Qxd6 14. f4 c5 15. c3 Nc6 16. Bb5 0-0 17. Qa4 cxd4 18. cxd4 a6 19. Bxc6 bxc6 20. Rc1 Rfc8 21. 0-0 c5 22. dxc5 Nxc5 23. Qd4 Qf8 24. e4 dxe4 25. Nxe4 Nxe4 26. Qxe4 Qd6 27. Rce1 Kh7 28. Rf2 Re8 29. Qe5 Qd3 30. Kg2 Rad8 31. Rc1 Rd5 32. Qc3 Qf5 33. Qg3 Rd3 34. Rf3 Red8 35. Re1 Qd5 36. Re5 Rd2+ 37. Kh3 Qxa2 38. f5 exf5 39. Re7 Qc4 40. Rxg7+ Kxg7 41. Qe5+ Kg8 0-1

[Event "TUR Cup"]
[Site "Antalya"]
[Date "2019.02.03"]
[Round "11"]
[White "Dogan, Nazmi Can"]
[Black "Yaylali, Adnan Dogan"]
[Result "1-0"]
[WhiteElo "2244"]
[BlackElo "1927"]
[PlyCount "73"]
[EventDate "2019.01.27"]
[EventType "swiss"]
[EventRounds "11"]
[EventCountry "TUR"]
[SourceTitle "CBM 188 Extra"]
[Source "ChessBase"]
[SourceDate "2019.02.26"]
[SourceVersion "1"]
[SourceVersionDate "2019.02.26"]
[SourceQuality "1"]

1. d4 Nf6 2. Nf3 g6 3. c4 Bg7 4. Nc3 0-0 5. e4 d6 6. h3 e5 7. d5 Na6 8. Be3 Nc5 9. Nd2 a5 10. g4 Ne8 11. Rg1 Bd7 12. Qc2 Qe7 13. 0-0-0 a4 14. a3 c6 15. Kb1 Nc7 16. h4 cxd5 17. exd5 N7a6 18. h5 f5 19. hxg6 f4 20. gxh7+ Kh8 21. Bxc5 Nxc5 22. Nce4 Rfc8 23. Nxc5 Rxc5 24. Ne4 Rcc8 25. Qd2 b5 26. cxb5 Rcb8 27. Qb4 Rb6 28. f3 Rab8 29. Rg2 Bxb5 30. Bxb5 Rxb5 31. Qxd6 Qb7 32. Rdd2 Qa7 33. Qe6 Qe3 34. Nd6 Rxb2+ 35. Rxb2 Rxb2+ 36. Rxb2 Qxa3 37. Qg8# 1-0

[Event "TUR Cup"]
[Site "Antalya"]
[Date "2019.01.30"]
[Round "5"]
[White "Kiraz, Yigit"]
[Black "Yaylali, Adnan Dogan"]
[Result "1-0"]
[WhiteElo "1673"]
[BlackElo "1927"]
[PlyCount "65"]
[EventDate "2019.01.27"]
[EventType "swiss"]
[EventRounds "11"]
[EventCountry "TUR"]
[SourceTitle "CBM 188 Extra"]
[Source "ChessBase"]
[SourceDate "2019.02.26"]
[SourceVersion "1"]
[SourceVersionDate "2019.02.26"]
[SourceQuality "1"]

1. e4 g6 2. d4 Bg7 3. Nf3 d6 4. Nc3 a6 5. Be2 b5 6. a4 b4 7. Nd5 a5 8. c3 e6 9. Ne3 Bb7 10. Bd3 Na6 11. Nc4 Bxe4 12. Bxe4 d5 13. Qe2 dxe4 14. Qxe4 Qd5 15. Qxd5 exd5 16. Nxa5 bxc3 17. bxc3 Nc5 18. Nc6 Nb3 19. Rb1 Nxc1 20. Rxc1 Rxa4 21. Rb1 f6 22. 0-0 Kd7 23. Nb4 Ne7 24. Nd3 Ra3 25. Nc5+ Kc6 26. Rfe1 Nf5 27. Re6+ Nd6 28. Ne1 Re8 29. Nc2 Ra7 30. Rxe8 Nxe8 31. Rb8 Bf8 32. Nb4+ Kd6 33. Rd8+ 1-0

[Event "TUR Cup"]
[Site "Antalya"]
[Date "2019.01.27"]
[Round "1"]
[White "Odabasi, Nail"]
[Black "Yaylali, Adnan Dogan"]
[Result "0-1"]
[WhiteElo "1525"]
[BlackElo "1927"]
[PlyCount "82"]
[EventDate "2019.01.27"]
[EventType "swiss"]
[EventRounds "11"]
[EventCountry "TUR"]
[SourceTitle "CBM 188 Extra"]
[Source "ChessBase"]
[SourceDate "2019.02.26"]
[SourceVersion "1"]
[SourceVersionDate "2019.02.26"]
[SourceQuality "1"]

1. d4 Nf6 2. Bf4 c5 3. d5 Qb6 4. Nc3 Qxb2 5. Bd2 Qb6 6. e4 d6 7. Nf3 e5 8. Rb1 Qd8 9. Bb5+ Nbd7 10. 0-0 Be7 11. Ng5 0-0 12. f4 exf4 13. Bxf4 Ne5 14. Bxe5 dxe5 15. Be2 Ne8 16. Nf3 Bf6 17. Nb5 a6 18. Na3 b5 19. c4 b4 20. Nc2 Nd6 21. Nd2 Bg5 22. Bd3 Re8 23. Nf3 Bf4 24. g3 Bh6 25. a3 a5 26. Kg2 Ba6 27. Qe2 f5 28. Nd2 Bxd2 29. Qxd2 fxe4 30. Be2 Nxc4 31. Bxc4 Bxc4 32. Rfd1 Bd3 33. axb4 axb4 34. Ra1 Qxd5 35. Ne3 Qd4 36. Nf5 Qd7 37. Qg5 b3 38. Nh6+ Kh8 39. Rxa8 Rxa8 40. Qxe5 c4 41. Ra1 Re8 0-1

[Event "TUR-chT 2nd League"]
[Site "Konya"]
[Date "2018.07.22"]
[Round "9.2"]
[White "Yaylali, Adnan Dogan"]
[Black "Ancar, Furkan"]
[Result "1-0"]
[WhiteElo "1991"]
[BlackElo "1782"]
[PlyCount "91"]
[EventDate "2018.07.16"]
[EventType "team-swiss"]
[EventRounds "9"]
[EventCountry "TUR"]
[SourceTitle "EXT 2019"]
[Source "ChessBase"]
[SourceDate "2018.10.10"]
[SourceVersion "1"]
[SourceVersionDate "2018.10.10"]
[SourceQuality "1"]
[WhiteTeam "Olbia VE Spor"]
[BlackTeam "Mezopotamya"]
[WhiteTeamCountry "TUR"]
[BlackTeamCountry "TUR"]

1. d4 Nf6 2. c4 c5 3. d5 b5 4. Qc2 e6 5. e4 bxc4 6. Bxc4 exd5 7. exd5 Be7 8. Ne2 0-0 9. 0-0 Bb7 10. Nbc3 d6 11. Ng3 g6 12. f4 Nbd7 13. f5 Nb6 14. b3 a5 15. Bh6 Ng4 16. Bxf8 Bxf8 17. fxg6 hxg6 18. Rxf7 Kxf7 19. Rf1+ Kg7 20. Nce4 Be7 21. Ne2 Nxc4 22. bxc4 Bc8 23. Nf4 Ne5 24. Qc3 Qb6 25. Qg3 Ng4 26. h3 Qb2 27. hxg4 Qd4+ 28. Nf2 Bd7 29. Re1 Bg5 30. N4h3 Bf6 31. Qxd6 Bxg4 32. Qc7+ Kg8 33. Qg3 Bf5 34. Qf4 Bxh3 35. Qxd4 Bxd4 36. gxh3 Rf8 37. Re2 Rf4 38. d6 Rf6 39. d7 Bxf2+ 40. Kg2 Rf8 41. Rxf2 Rd8 42. Rd2 Kf7 43. Kg3 a4 44. Kf4 Ke7 45. Kg5 Rh8 46. d8Q+ 1-0

[Event "TUR-chT 2nd League"]
[Site "Konya"]
[Date "2018.07.20"]
[Round "7.1"]
[White "Yaylali, Adnan Dogan"]
[Black "Baltaci, Ismail Tarik"]
[Result "0-1"]
[WhiteElo "1991"]
[BlackElo "2071"]
[PlyCount "170"]
[EventDate "2018.07.16"]
[EventType "team-swiss"]
[EventRounds "9"]
[EventCountry "TUR"]
[SourceTitle "EXT 2019"]
[Source "ChessBase"]
[SourceDate "2018.10.10"]
[SourceVersion "1"]
[SourceVersionDate "2018.10.10"]
[SourceQuality "1"]
[WhiteTeam "Olbia VE Spor"]
[BlackTeam "Yalova Belediye"]
[WhiteTeamCountry "TUR"]
[BlackTeamCountry "TUR"]

1. d4 Nf6 2. c4 g6 3. Nc3 Bg7 4. e4 d6 5. Nf3 0-0 6. h3 e5 7. d5 a5 8. Be3 Na6 9. Nd2 Nc5 10. Qc2 Ne8 11. g4 f5 12. g5 Na6 13. f3 f4 14. Bf2 Qxg5 15. a3 Qe7 16. 0-0-0 Bf6 17. h4 Ng7 18. Bh3 Bxh3 19. Rxh3 Nh5 20. Ne2 c6 21. Kb1 Rfc8 22. Nc3 Qd7 23. Rhh1 Bd8 24. Nb3 cxd5 25. Nxd5 b5 26. Nd2 bxc4 27. Nxc4 Qb5 28. Bb6 Rab8 29. Rc1 Ng3 30. a4 Qd7 31. Rhd1 Nb4 32. Nxb4 Bxb6 33. Rxd6 Qa7 34. Qb3 Qf7 35. Rd7 Qe6 36. Nd5 Bd8 37. Rb7 Rxb7 38. Qxb7 Ne2 39. Rc2 Nd4 40. Rc3 Ne2 41. Rc2 Nd4 42. Rc3 Bxh4 43. Nxe5 Rxc3 44. bxc3 Qxe5 45. Qa8+ Kg7 46. Qa7+ Kh6 47. cxd4 Qh5 48. Qc5 Qxf3 49. Qf8+ Kg5 50. Qe7+ Kg4 51. Qe6+ Kg3 52. Qe5 Qd1+ 53. Kb2 Qd2+ 54. Kb3 Kf3 55. Nc3 Be1 56. d5 Qxc3+ 57. Qxc3+ Bxc3 58. Kxc3 Kxe4 59. d6 f3 60. d7 f2 61. d8Q f1Q 62. Qe7+ Kf3 63. Qf7+ Kg2 64. Qxh7 g5 65. Kd4 Qf4+ 66. Kd3 Qxa4 67. Qb7+ Kg3 68. Qc7+ Kh3 69. Qh7+ Kg4 70. Qh1 Qb3+ 71. Kd4 Qb4+ 72. Kd3 Qd6+ 73. Kc4 Qf4+ 74. Kb5 a4 75. Qg1+ Kf5 76. Qg2 Qe5+ 77. Kb6 g4 78. Qf2+ Kg5 79. Qd2+ Kh4 80. Qh6+ Kg3 81. Qh1 Kf2 82. Qd1 Qe3+ 83. Kc7 g3 84. Qxa4 g2 85. Qh4+ Qg3+ 0-1

[Event "Istanbul op"]
[Site "Istanbul"]
[Date "2017.09.17"]
[Round "9"]
[White "Erden, Kadir"]
[Black "Yaylali, Adnan Dogan"]
[Result "1-0"]
[WhiteElo "2283"]
[BlackElo "1873"]
[PlyCount "147"]
[EventDate "2017.09.11"]
[EventType "swiss"]
[EventRounds "9"]
[EventCountry "TUR"]
[SourceTitle "CBM 180 Extra"]
[Source "ChessBase"]
[SourceDate "2017.10.06"]
[SourceVersion "1"]
[SourceVersionDate "2017.10.06"]
[SourceQuality "1"]

1. e4 e5 2. Nf3 Nc6 3. Bc4 Nf6 4. d3 Be7 5. 0-0 0-0 6. Re1 d6 7. a4 h6 8. a5 a6 9. Nbd2 Re8 10. Nf1 Nh7 11. c3 Ng5 12. Ne3 Be6 13. Bd5 Qd7 14. Nd2 Nd8 15. Bxe6 Ndxe6 16. Nd5 Bd8 17. Nc4 Nf8 18. h3 Ng6 19. Qg4 Qxg4 20. hxg4 Ne6 21. g3 Nc5 22. Rd1 c6 23. Ndb6 Bxb6 24. Nxb6 Rad8 25. Be3 Nd7 26. Na4 Ndf8 27. f3 Ne6 28. Kf1 d5 29. Ke2 d4 30. Bd2 Ngf8 31. c4 Nd7 32. b4 Rb8 33. f4 f6 34. f5 Nc7 35. Rdb1 Kf7 36. Rb3 Red8 37. Rab1 Re8 38. Kf3 Red8 39. Bc1 Re8 40. Nb2 Rh8 41. Bd2 Rhe8 42. Nd1 Rh8 43. Nf2 Rhe8 44. Nh3 Red8 45. Ng1 Re8 46. Ke2 Ke7 47. Nf3 Kf7 48. Ne1 Ke7 49. Nc2 Kd6 50. Na3 Red8 51. R3b2 Rdc8 52. b5 c5 53. Nc2 Rd8 54. Ne1 Rf8 55. Nf3 Rfc8 56. Ra2 Rd8 57. Rab2 Rdc8 58. Rh1 Ra8 59. Rbb1 Rd8 60. Rh5 Rab8 61. b6 Ne8 62. Rbh1 Rbc8 63. R5h2 Nb8 64. Bxh6 gxh6 65. Rxh6 Nc6 66. g5 Rd7 67. g4 Rf7 68. gxf6 Rxf6 69. g5 Rxh6 70. Rxh6+ Ke7 71. Rh7+ Kf8 72. Nh4 Rd8 73. f6 Nd6 74. g6 1-0

[Event "TUR-chT 1st League"]
[Site "Konya"]
[Date "2017.07.18"]
[Round "2.12"]
[White "Civi, Akin"]
[Black "Yaylali, Adnan Dogan"]
[Result "0-1"]
[WhiteElo "1637"]
[BlackElo "1935"]
[PlyCount "110"]
[EventDate "2017.07.17"]
[EventType "team-swiss"]
[EventRounds "9"]
[EventCountry "TUR"]
[SourceTitle "CBM 179 Extra"]
[Source "ChessBase"]
[SourceDate "2017.08.23"]
[SourceVersion "1"]
[SourceVersionDate "2017.08.23"]
[SourceQuality "1"]
[WhiteTeam "Hatay Samandag"]
[BlackTeam "Antalya Olbia"]
[WhiteTeamCountry "TUR"]
[BlackTeamCountry "TUR"]

1. e4 e6 2. d4 d5 3. Nc3 Nf6 4. Bg5 Be7 5. e5 Nfd7 6. Bxe7 Qxe7 7. f4 0-0 8. Nf3 c5 9. Bd3 f6 10. 0-0 Nc6 11. dxc5 Nxc5 12. a3 Bd7 13. b4 Nxd3 14. Qxd3 Be8 15. Nb5 Bg6 16. Qe2 Bh5 17. exf6 Rxf6 18. Rae1 a6 19. Nc3 Nd4 20. Qe5 Nxf3+ 21. gxf3 Qf7 22. Ne2 Re8 23. Rf2 Bg6 24. Rc1 Rc8 25. c3 Qc7 26. Qxc7 Rxc7 27. a4 Kf7 28. Kg2 Bd3 29. Nd4 Rxf4 30. Nb3 Bc4 31. Kg3 e5 32. Nd2 Bd3 33. Nb3 Rc6 34. Rd2 Rg6+ 35. Kf2 Be4 36. Ke1 Rxf3 37. Re2 Rg1+ 38. Kd2 Rd3+ 39. Kc2 Rdd1+ 40. Kb2 Rxc1 41. Nxc1 Rg2 42. Rxg2 Bxg2 43. Nd3 Kf6 44. Nc5 d4 45. Kc2 dxc3 46. Kxc3 Bc6 47. Kc4 Bxa4 48. Nxb7 Bb5+ 49. Kd5 Kf5 50. Nc5 g5 51. Nb3 h5 52. Nd2 g4 53. h3 g3 54. Nf3 Kf4 55. Ng1 h4 0-1

[Event "Kemer Turkey Cup"]
[Site "Kemer"]
[Date "2014.02.05"]
[Round "6"]
[White "Yaylali, Adnan Dogan"]
[Black "Kurtoglu, Umit"]
[Result "1-0"]
[WhiteElo "1677"]
[BlackElo "1411"]
[PlyCount "71"]
[EventDate "2014.02.01"]
[EventType "swiss"]
[EventRounds "9"]
[EventCountry "TUR"]
[SourceTitle "CBM 158 Extra"]
[Source "ChessBase"]
[SourceDate "2014.02.28"]
[SourceVersion "1"]
[SourceVersionDate "2014.02.28"]
[SourceQuality "1"]

1. Nf3 Nf6 2. d4 d5 3. c4 e6 4. Nc3 Be7 5. Bg5 b6 6. cxd5 exd5 7. e3 Bb7 8. Bb5+ c6 9. Bd3 Nbd7 10. 0-0 c5 11. Rc1 0-0 12. Qc2 h6 13. Bh4 a6 14. Ne5 Nxe5 15. dxe5 Ng4 16. Bg3 Bh4 17. Qe2 Bxg3 18. Qxg4 Bxe5 19. Qf5 Re8 20. f4 g6 21. Qh3 Bg7 22. f5 Rxe3 23. Rf3 Rxf3 24. Qxf3 Qe8 25. Kh1 Rd8 26. Rf1 b5 27. f6 Bh8 28. Bxg6 Rd6 29. Bxf7+ Kxf7 30. Qh5+ Kf8 31. Qxh6+ Kg8 32. Qg5+ Kf8 33. f7 Qxf7 34. Rxf7+ Kxf7 35. Qh5+ Kg8 36. Qe8+ 1-0

[Event "Kemer Turkey Cup"]
[Site "Kemer"]
[Date "2014.02.04"]
[Round "5"]
[White "Kiremitciyan, Ari"]
[Black "Yaylali, Adnan Dogan"]
[Result "1-0"]
[WhiteElo "1852"]
[BlackElo "1677"]
[PlyCount "74"]
[EventDate "2014.02.01"]
[EventType "swiss"]
[EventRounds "9"]
[EventCountry "TUR"]
[SourceTitle "CBM 158 Extra"]
[Source "ChessBase"]
[SourceDate "2014.02.28"]
[SourceVersion "1"]
[SourceVersionDate "2014.02.28"]
[SourceQuality "1"]

1. Nf3 d5 2. g3 c5 3. c4 d4 4. Bg2 Nc6 5. 0-0 e5 6. d3 Nf6 7. a3 Bd6 8. Bg5 h6 9. Bxf6 Qxf6 10. Nbd2 0-0 11. Ne4 Qe7 12. Nxd6 Qxd6 13. Rb1 a5 14. Nd2 Be6 15. Nb3 g5 16. e3 a4 17. exd4 cxd4 18. Nd2 f5 19. Ra1 f4 20. b3 axb3 21. Qxb3 Rab8 22. Qb5 g4 23. Be4 Rfe8 24. c5 Qd7 25. Nc4 Bxc4 26. Qxc4+ Kg7 27. Rfb1 fxg3 28. hxg3 Rf8 29. Rb6 Rbc8 30. Rab1 Rc7 31. Qb5 Rf7 32. a4 h5 33. Kg2 h4 34. gxh4 Qe7 35. Kg3 Qf6 36. Qb2 Qf4+ 37. Kg2 Qf6 1-0